=LDR 00000nam 2200000 4500 =001 INLIS000000000020038 =005 20130612115031 =008 ***********************************Ind** =035 ##$$0010-061300000020038 =041 ##$$a Ind =082 ##$$a 615.072 =090 ##$$a 615.072, Sar p =100 ##$$a Sari, Ika Puspita =245 ##$$a Penelitian farmasi komunitas dan klinik, oleh Ika Puspita Sari =260 ##$$a 2004 $b Yogyakarta =300 ##$$a x, 49 hlm, 21 cm =650 ##$$a Penelitian Farmasi =850 ##$$a NBPNMAT =990 ##$$a 0001/BPAP-NTB/20142015 =990 ##$$a 0001/BPAP-NTB/20142015